000 00596nam a2200229 a 4500
001 13504
003 BD-JhCC
005 20231026103233.0
008 231026b2019 ii |||| ||a| 000 0 eng d
020 _a9781989777084
035 _a(BD-JhCC)13504
040 _aBD-JhCC
_dBD-JhCC
041 _aenglish
082 _a428.24
_bMEL 2019
100 _aJacobs, Melony
245 _aEnglish Grammar Rules 101 /
_cMelony Jacobs.
260 _aIndia:
_bRepro;
_c2019.
300 _a186 p. :
_c21 cm.
650 _aEnglish language
_zEnglish language--Examinations
942 _2ddc
_cBK
999 _c13504
_d13504